000 00711nam a2200289Ia 4500
005 20260324112222.0
008 008 260324s9999 xx 000 0 eng d
020 _a9781003514817
037 _aEBOOK
040 _aCRL
040 _beng
040 _cCRL
041 _2eng
041 _aeng
084 _qCRL
100 _aRodrigo Muñoz-González
_91141783
245 0 _aYoung People, Media, and Nostalgia
245 3 _bAn Ethnography of How Youth Imagine their Lives
260 _bTaylor and Francis
260 _c2024
365 _a
365 _b220
856 _uhttp://www.taylorfrancis.com/books/9781003514817
942 _cEBOOK
999 _c1730915
_d1730915